[Event "Challenge"]
[Site "http://www.queenalice.com/game.php?id=609650"]
[Date "2009.6.27"]
[Round "-"]
[White "The_Simple"]
[Black "paloberto"]
[Result "1-0"]
[WhiteElo "2172"]
[BlackElo "1757"]

1. d4 Nf6 2. c4 e6 3. Nc3 Bb4 4. Nf3 d5 5. Bg5 h6 6. Bh4 Nc6 7. e3 O-O 8. Rc1 a6
9. Bd3 Re8 10. O-O b6 11. cxd5 exd5 12. Bxf6 Qxf6 13. Nxd5 Qd8 14. Ne5 Qxd5 15.
Bc4 Qe4 16. Bxf7+ Kf8 17. Bxe8 Kxe8 18. Nxc6 Bd6 19. Qh5+ Kf8 20. Ne5 Bxe5 21.
Qxe5 Qxe5 22. dxe5 c5 23. Rc3 Be6 24. a3 Rd8 25. b4 Rd5 26. bxc5 bxc5 27. Rfc1
Rxe5 28. Rxc5 1-0

[Event "Challenge"]
[Site "http://www.queenalice.com/game.php?id=610017"]
[Date "2009.6.28"]
[Round "-"]
[White "The_Simple"]
[Black "KLEOJ"]
[Result "1-0"]
[WhiteElo "2171"]
[BlackElo "2016"]

1. d4 Nf6 2. c4 e6 3. Nc3 Bb4 4. Nf3 Ne4 5. Bd2 Nxd2 6. Qxd2 O-O 7. e4 d5 8.
cxd5 exd5 9. exd5 Bxc3 10. bxc3 Re8+ 11. Be2 Bg4 12. O-O Qxd5 13. h3 Bh5 14.
Rfe1 Nd7 15. Qb2 Nb6 16. g4 Bg6 17. c4 Nxc4 18. Bxc4 Qxc4 19. Qxb7 Qc3 20. Rac1
Rxe1+ 21. Rxe1 Rd8 22. Kg2 h5 23. Qxa7 hxg4 24. hxg4 Qc6 25. Qc5 Qd7 26. Kg3 f5
27. Re7 f4+ 28. Kxf4 Rf8+ 29. Kg3 Qd6+ 30. Qxd6 cxd6 31. Re6 Bb1 32. a3 d5 33.
Ra6 Be4 34. Ng5 Bh1 35. a4 Rc8 36. a5 Kf8 37. Ra7 Kg8 38. a6 Kf8 39. Rb7 Rc6 40.
a7 1-0

[Event "Challenge World Game #33"]
[Site "http://www.queenalice.com/game.php?id=610116"]
[Date "2009.6.30"]
[Round "-"]
[White "Aylton"]
[Black "The_Simple"]
[Result "0-1"]
[WhiteElo "1912"]
[BlackElo "2066"]

1. d4 d5 2. Nf3 Nf6 3. e3 e6 4. c4 Nbd7 5. Nc3 c6 6. Be2 Bb4 7. Bd2 O-O 8. a3
Ba5 9. O-O Re8 10. b4 Bc7 11. h3 dxc4 12. Bxc4 Nb6 13. Be2 Nbd7 14. Qc2 e5 15.
dxe5 Nxe5 16. Nxe5 Bxe5 17. Bf3 g6 18. Rfd1 Bf5 19. Qc1 Ne4 20. Bxe4 Bxe4 21.
Be1 Qe7 22. f4 Bc7 23. Nxe4 Qxe4 24. Bf2 Rad8 25. Rxd8 Rxd8 26. b5 Rd3 27. bxc6
bxc6 28. Kf1 Bb6 29. Ke2 Rb3 30. g3 Bd4 31. Ra2 Qd3+ 32. Kf3 Bb2 33. Rxb2 Qd5+
34. Ke2 Qb5+ 35. Kf3 Rxb2 36. e4 Qe2+ 0-1

[Event "Challenge World Game #34"]
[Site "http://www.queenalice.com/game.php?id=610117"]
[Date "2009.6.30"]
[Round "-"]
[White "The_Simple"]
[Black "Aylton"]
[Result "1-0"]
[WhiteElo "2093"]
[BlackElo "1991"]

1. d4 Nf6 2. c4 e6 3. Nc3 d5 4. Bg5 Nbd7 5. e3 c6 6. Nf3 Bb4 7. Bd3 Qa5 8. O-O
Bxc3 9. bxc3 Qxc3 10. Rc1 Qa3 11. cxd5 cxd5 12. Bb1 O-O 13. Ne5 h6 14. Nxd7 Nxd7
15. Qc2 f5 16. Bf4 Nf6 17. Qc7 Rf7 18. Bd6 Rxc7 19. Bxa3 Rxc1 20. Rxc1 Bd7 21.
Rc7 Bc6 22. Re7 Re8 23. Rc7 Ne4 24. Bb4 a5 25. Bxa5 Nd6 26. Bd3 Ra8 27. Bb4 Ne8
28. Re7 Rxa2 29. Kf1 Rb2 30. Bc5 b6 31. Rxe6 bxc5 32. Rxc6 cxd4 33. exd4 Rd2 34.
Bxf5 Rxd4 35. Bg6 Kf8 36. Rc8 Re4 37. Bxe4 dxe4 38. Ke2 Kf7 39. Ke3 Nf6 40. h3
Kg6 41. Ra8 Kf5 42. Ra5+ Kg6 43. Ra6 Kf5 44. Ra7 Kg6 45. Kf4 h5 46. g4 hxg4 47.
hxg4 1-0

[Event "Challenge"]
[Site "http://www.queenalice.com/game.php?id=610573"]
[Date "2009.6.29"]
[Round "-"]
[White "mulher_aranha"]
[Black "The_Simple"]
[Result "0-1"]
[WhiteElo "2122"]
[BlackElo "2108"]

1. Nf3 Nf6 2. c4 g6 3. b3 Bg7 4. Bb2 d5 5. cxd5 O-O 6. Bxf6 exf6 7. Nc3 c6 8.
dxc6 Nxc6 9. Rc1 Re8 10. e4 f5 11. d3 fxe4 12. Nxe4 f5 13. Rxc6 bxc6 14. Qc2
fxe4 15. dxe4 Qa5+ 16. Nd2 Bc3 17. Bc4+ Be6 18. Bd3 Rad8 19. h4 Rd4 20. O-O Bxd2
21. Rd1 Bf4 22. Qxc6 Kf7 23. Qc2 Red8 24. Kf1 Rxd3 25. Rxd3 Qb5 26. Ke2 Rxd3 27.
Qxd3 Qxd3+ 0-1

[Event "Challenge World Game #42"]
[Site "http://www.queenalice.com/game.php?id=612246"]
[Date "2009.7.4"]
[Round "-"]
[White "The_Simple"]
[Black "Aylton"]
[Result "1/2-1/2"]
[WhiteElo "2173"]
[BlackElo "1908"]

1. d4 Nf6 2. c4 e6 3. Nc3 d5 4. cxd5 exd5 5. Bg5 Nbd7 6. e3 c6 7. Bd3 h6 8. Bh4
Bb4 9. Ne2 O-O 10. O-O g5 11. Bg3 Nh5 12. a3 Nxg3 13. hxg3 Bd6 14. Bf5 Nf6 15.
Qd3 Kg7 16. b4 a5 17. b5 Bxf5 18. Qxf5 Qd7 19. Qd3 b6 20. bxc6 Qxc6 21. Nb5 Be7
22. Nec3 Bd8 23. Qf5 Re8 24. Rfc1 Qe6 25. Qd3 Rc8 26. Na7 Rc7 27. Ncb5 Rd7 28.
Rc6 Qe7 29. Qf5 Rxa7 30. Rxf6 Qxf6 31. Qxf6+ Kxf6 32. Nxa7 Be7 33. Rb1 Bxa3 34.
Rxb6+ Re6 35. Rb5 Ra6 36. Nc8 Ke6 37. Nb6 Bd6 38. Nxd5 a4 39. Nc3 a3 40. Rb1 Bc7
41. Kf1 f5 42. Ke2 Ba5 43. d5+ Kd7 44. Kd3 Bxc3 45. Kxc3 Kd6 46. Rd1 Ra5 47. Kb3
Rxd5 48. Rf1 Ra5 49. Ka2 Kd5 1/2-1/2

[Event "Challenge World Game #49"]
[Site "http://www.queenalice.com/game.php?id=612253"]
[Date "2009.7.4"]
[Round "-"]
[White "Aylton"]
[Black "The_Simple"]
[Result "0-1"]
[WhiteElo "1888"]
[BlackElo "2129"]

1. f4 g6 2. Nf3 Bg7 3. e4 d6 4. Nc3 e6 5. Be2 Ne7 6. O-O c5 7. h3 O-O 8. Qe1
Nbc6 9. d3 a6 10. a3 b5 11. Bd2 b4 12. axb4 Nxb4 13. Bd1 Nec6 14. e5 dxe5 15.
fxe5 Qc7 16. Bf4 Bb7 17. Bh2 Nd4 18. Nxd4 cxd4 19. Nb5 axb5 20. Rxa8 Rxa8 21.
Qxb4 Ra1 22. Qxb5 Rxd1 23. Rxd1 Qxc2 24. Qxb7 Qxd1+ 25. Kf2 Qd2+ 26. Kf1 Qxd3+
27. Ke1 Qe3+ 28. Kd1 Bh6 29. Kc2 d3+ 30. Kb1 Qc1+ 31. Ka2 d2 0-1

[Event "Challenge"]
[Site "http://www.queenalice.com/game.php?id=612719"]
[Date "2009.7.3"]
[Round "-"]
[White "The_Simple"]
[Black "cinics"]
[Result "1-0"]
[WhiteElo "2136"]
[BlackElo "2310"]

1. d4 d5 2. c4 Nf6 3. cxd5 c6 4. dxc6 Nxc6 5. Nf3 Bf5 6. Nc3 e6 7. e3 Bb4 8. Bd3
Ne4 9. Qc2 Qa5 10. Bd2 Nxd2 11. Nxd2 Rd8 12. Bxf5 exf5 13. O-O O-O 14. Nb3 Qc7
15. Qxf5 Bxc3 16. bxc3 Ne7 17. Qc5 Qxc5 18. Nxc5 b6 19. Nd3 Rc8 20. Rfc1 Rc7 21.
c4 Rfc8 22. c5 bxc5 23. Nxc5 f6 24. Nb3 Rxc1+ 25. Rxc1 Rxc1+ 26. Nxc1 Nd5 27.
Nd3 Kf7 28. Kf1 Ke7 29. Ke1 Kd6 30. Kd2 Kc6 31. e4 Nb6 32. Kc3 1-0

[Event "Challenge"]
[Site "http://www.queenalice.com/game.php?id=612720"]
[Date "2009.7.3"]
[Round "-"]
[White "cinics"]
[Black "The_Simple"]
[Result "1/2-1/2"]
[WhiteElo "2310"]
[BlackElo "2163"]

1. e4 e5 2. Nf3 Nf6 3. Nxe5 d6 4. Nf3 Nxe4 5. d4 d5 6. Be3 Bf5 7. Bd3 Nc6 8.
Nbd2 Be7 9. O-O O-O 10. a3 Bf6 11. Re1 Re8 12. Bb5 Qd7 13. c4 a6 14. cxd5 axb5
15. dxc6 bxc6 16. Ne5 Bxe5 17. dxe5 Rxe5 18. Nxe4 Rxe4 19. Qxd7 Bxd7 20. f3 Rc4
21. Red1 Bf5 22. Rac1 f6 23. Rxc4 bxc4 1/2-1/2

[Event "Let's Play Chess!"]
[Site "http://www.queenalice.com/game.php?id=613318"]
[Date "2009.7.4"]
[Round "-"]
[White "The_Simple"]
[Black "Kiwizany"]
[Result "1/2-1/2"]
[WhiteElo "2167"]
[BlackElo "2329"]

1. d4 Nf6 2. c4 e6 3. Nc3 d5 4. cxd5 exd5 5. Bf4 Bd6 6. Bg3 O-O 7. e3 c5 8. dxc5
Bxc5 9. Nf3 Nc6 10. Be2 d4 11. exd4 Nxd4 12. Nxd4 Bxd4 13. O-O Bxc3 14. bxc3 Ne4
15. Qxd8 Rxd8 16. Be5 Be6 17. Bf3 f5 18. Bxe4 fxe4 19. Rfe1 Rd2 20. Rxe4 Rxa2
21. Rae1 Bf5 22. Rb4 b6 23. g4 Bd3 24. Rd4 Bb5 25. Rde4 Re8 26. h3 Bc6 27. Rd4
Ra5 28. f4 g5 29. Re3 gxf4 30. Bxf4 Ra2 31. Rd6 Ba4 32. Be5 Bb5 33. Rd5 Rb2 34.
Rd6 Rc2 35. Rd5 Bc6 36. Rd6 Rc1+ 37. Kh2 Ba4 38. Kg3 Bb5 39. Rd4 Rc2 40. Kf4 Rc8
41. Kg5 Rf2 42. Bf4 Be8 43. c4 a5 44. Rd6 Rc2 45. Rxb6 R8xc4 46. Rxe8+ Kf7 47.
Ra8 1/2-1/2

[Event "Let's Play Chess!"]
[Site "http://www.queenalice.com/game.php?id=613319"]
[Date "2009.7.4"]
[Round "-"]
[White "Kiwizany"]
[Black "The_Simple"]
[Result "1/2-1/2"]
[WhiteElo "2322"]
[BlackElo "2162"]

1. e4 e5 2. Nf3 Nf6 3. Bc4 Nxe4 4. Nc3 Nxc3 5. dxc3 c6 6. Nxe5 d5 7. Qe2 Be6 8.
Bd3 Nd7 9. O-O Be7 10. Re1 Nxe5 11. Qxe5 O-O 12. Qh5 g6 13. Qf3 Bf6 14. Be3 Re8
15. Bd4 Bxd4 16. cxd4 Kg7 17. Qg3 Qb6 18. Qf4 Bd7 19. b3 Qb4 20. Kf1 Rac8 21.
Rad1 Qa5 22. Qd6 Be6 23. a4 Qc7 24. Qxc7 Rxc7 25. b4 Rce7 26. b5 Bd7 27. Rxe7
Rxe7 28. bxc6 Bxc6 29. a5 Kf6 30. Rb1 Be8 1/2-1/2

[Event "Let's Play Chess!"]
[Site "http://www.queenalice.com/game.php?id=613320"]
[Date "2009.7.7"]
[Round "-"]
[White "The_Simple"]
[Black "ichtus"]
[Result "0-1"]
[WhiteElo "2194"]
[BlackElo "2255"]

1. d4 Nf6 2. c4 c5 3. dxc5 e5 4. Nf3 e4 5. Nfd2 Bxc5 6. Nb3 Be7 7. Nc3 Qc7 8.
Bg5 Qxc4 9. e3 Qe6 10. Nd4 Qe5 11. Bf4 Qa5 12. Nb5 Na6 13. Bd6 Bxd6 14. Nxd6+
Ke7 15. Qd2 Nb4 16. Nc4 Qc7 17. Rc1 Qc6 18. Nxe4 Nxe4 19. Qxb4+ d6 20. Bd3 Nc5
21. Bf1 Be6 22. f3 Rac8 0-1

[Event "Let's Play Chess!"]
[Site "http://www.queenalice.com/game.php?id=613321"]
[Date "2009.7.7"]
[Round "-"]
[White "ichtus"]
[Black "The_Simple"]
[Result "1-0"]
[WhiteElo "2253"]
[BlackElo "2160"]

1. d4 d5 2. Nf3 Nf6 3. Bg5 e6 4. Nbd2 c5 5. dxc5 Bxc5 6. e3 Nc6 7. c3 h6 8. Bh4
O-O 9. Bd3 e5 10. Bc2 e4 11. Nd4 Ne5 12. Bg3 Re8 13. Bxe5 Rxe5 14. N2b3 Bd6 15.
Qd2 Bd7 16. O-O-O a5 17. Kb1 b5 18. f4 Re8 19. Nc1 b4 20. Nce2 Rb8 21. Ka1 1-0

[Event "Challenge"]
[Site "http://www.queenalice.com/game.php?id=613323"]
[Date "2009.7.4"]
[Round "-"]
[White "The_Simple"]
[Black "Rafaelpimentel"]
[Result "0-1"]
[WhiteElo "2172"]
[BlackElo "2181"]

1. d4 d5 2. c4 c6 3. cxd5 cxd5 4. Nc3 Nc6 5. Nf3 Nf6 6. Bg5 e6 7. e3 Be7 8. Rc1
h6 9. Bh4 Bd7 10. Bd3 Rc8 11. O-O O-O 12. Bb1 g6 13. a3 Kg7 14. Qd3 Nh7 15. Bg3
f5 16. Ne5 Nxe5 17. Bxe5+ Nf6 18. Nb5 Qb6 19. a4 Bxb5 20. Qxb5 Qxb5 21. axb5 Kf7
22. Bd3 Nd7 0-1

[Event "Challenge"]
[Site "http://www.queenalice.com/game.php?id=613324"]
[Date "2009.7.4"]
[Round "-"]
[White "Rafaelpimentel"]
[Black "The_Simple"]
[Result "1-0"]
[WhiteElo "2193"]
[BlackElo "2151"]

1. Nf3 Nf6 2. d4 e6 3. b3 d5 4. Bb2 Bd6 5. e3 O-O 6. Nbd2 Nc6 7. Be2 Re8 8. Ne5
Nd7 9. f4 f6 10. Nxc6 bxc6 11. O-O e5 12. fxe5 fxe5 13. c4 Qg5 14. Rf2 exd4 15.
Nf3 Qe7 16. exd4 dxc4 17. Bxc4+ Kh8 18. Qd2 Nb6 19. Re1 Qd8 20. Ng5 Rxe1+ 21.
Qxe1 Be6 22. Nxe6 Qe8 23. Qe4 Nxc4 24. bxc4 Qh5 25. g4 1-0

[Event "Challenge b"]
[Site "http://www.queenalice.com/game.php?id=620343"]
[Date "2009.7.17"]
[Round "-"]
[White "Kiwizany"]
[Black "The_Simple"]
[Result "1/2-1/2"]
[WhiteElo "2341"]
[BlackElo "2187"]

1. e4 e5 2. Nf3 Nf6 3. d4 exd4 4. e5 Ne4 5. Qxd4 d5 6. exd6 Nxd6 7. Bd3 Nc6 8.
Qf4 g6 9. O-O Bg7 10. Nc3 O-O 11. Be3 Re8 12. Rad1 Ne5 13. Be2 Nxf3+ 14. Bxf3
Be5 15. Qa4 Bd7 16. Qa3 a6 17. Rfe1 Rb8 18. h3 Qh4 19. Qc5 Rbc8 20. Bc1 b6 21.
Qd5 Qf6 22. Ne4 Nxe4 23. Qxd7 Nc5 24. Qd5 Bxb2 25. Rxe8+ Rxe8 26. Be3 Qc3 27.
Qc6 Rxe3 28. fxe3 Qxe3+ 29. Kh1 Be5 30. Qd5 Qf4 31. Kg1 Qe3+ 32. Kh1 Qf4 33. Kg1
Qe3+ 1/2-1/2

[Event "Peia V"]
[Site "http://www.queenalice.com/game.php?id=620894"]
[Date "2009.7.18"]
[Round "-"]
[White "paloberto"]
[Black "The_Simple"]
[Result "1/2-1/2"]
[WhiteElo "1770"]
[BlackElo "2174"]

1. c4 e6 2. Nc3 d5 3. cxd5 exd5 4. d4 Nf6 5. Nf3 c6 6. Bg5 Be7 7. e3 Nbd7 8. Bh4
Qa5 9. Bd3 Bb4 10. Qd2 O-O 11. O-O Ne4 12. Bxe4 dxe4 13. Ng5 Nf6 14. a3 Bxc3 15.
Qxc3 h6 16. Qxa5 hxg5 17. Bxg5 1/2-1/2

[Event "Peia VI"]
[Site "http://www.queenalice.com/game.php?id=620897"]
[Date "2009.7.18"]
[Round "-"]
[White "The_Simple"]
[Black "paloberto"]
[Result "1-0"]
[WhiteElo "2169"]
[BlackElo "1824"]

1. d4 Nf6 2. c4 e6 3. Nc3 Bb4 4. Nf3 d5 5. Bg5 Nbd7 6. e3 b6 7. cxd5 exd5 8. Bb5
a6 9. Bc6 Ra7 10. O-O Bxc3 11. bxc3 O-O 12. Ne5 Qe7 13. f4 Qe6 14. f5 Qd6 15.
Bf4 Qa3 16. Ng4 Qxc3 17. Rc1 Qa5 18. Bxd7 Bxd7 19. Nxf6+ gxf6 20. Bh6 Kh8 21.
Bxf8 Ra8 22. Be7 h6 23. Qh5 1-0

[Event "Desafio #1"]
[Site "http://www.queenalice.com/game.php?id=621167"]
[Date "2009.7.18"]
[Round "-"]
[White "Aylton"]
[Black "The_Simple"]
[Result "0-1"]
[WhiteElo "2093"]
[BlackElo "2178"]

1. d4 e6 2. c4 d5 3. e3 Nf6 4. Nc3 c6 5. Nf3 Nbd7 6. Be2 Bd6 7. h3 O-O 8. O-O
Re8 9. a3 Ne4 10. Nxe4 dxe4 11. Nd2 f5 12. f3 Qh4 13. f4 g5 14. Nb3 gxf4 15.
exf4 Nf6 16. Kh2 Kf7 17. g3 Qh6 18. Be3 b6 19. Kg2 Bb7 20. Rh1 Rad8 21. Qf1 Rg8
22. Qf2 Bc7 23. Rag1 Nh5 24. Kf1 Rg7 25. Bxh5+ Qxh5 26. g4 Qh6 27. Ke1 a5 28. a4
Ba6 29. c5 Bc4 30. Nd2 Bd5 31. b3 bxc5 32. dxc5 Rb8 33. g5 Qh5 34. Qe2 Qxe2+ 35.
Kxe2 e5 36. fxe5 Bxe5 37. Rb1 Ke6 38. h4 f4 39. Bg1 Rgb7 40. Rh3 f3+ 41. Ke1 Bc3
42. Be3 Rxb3 43. Rxb3 Bxb3 44. h5 Bc4 45. Kd1 Bd3 46. g6 Rb2 47. gxh7 f2 48. Rh1
Ra2 49. Nf1 Bc2+ 50. Kc1 Bb3 51. Nd2 Bxa4 52. Nb1 Bb2+ 53. Kd2 Bd4+ 0-1

[Event "Desafio #2"]
[Site "http://www.queenalice.com/game.php?id=621168"]
[Date "2009.7.18"]
[Round "-"]
[White "The_Simple"]
[Black "Aylton"]
[Result "1-0"]
[WhiteElo "2163"]
[BlackElo "1958"]

1. d4 Nf6 2. c4 e6 3. Nc3 d5 4. Nf3 h6 5. Bf4 a6 6. e3 c5 7. Bd3 dxc4 8. Bxc4 b5
9. Be2 Bb7 10. dxc5 Qxd1+ 11. Rxd1 Bxc5 12. O-O O-O 13. Nd4 Nbd7 14. Nb3 Bb6 15.
Rd6 Rfd8 16. Rfd1 Rac8 17. Rxb6 Nxb6 18. Rxd8+ Rxd8 19. Bc7 Rd7 20. Bxb6 Nd5 21.
Bd4 Nxc3 22. Bxc3 Bc8 23. Nc5 Rc7 24. b4 f6 25. f4 Kf7 26. Kf2 Ke7 27. e4 g5 28.
e5 f5 29. g4 Kf7 30. Bd2 Kg6 31. Kg3 gxf4+ 32. Bxf4 fxg4 33. Bd3+ Kg7 34. Kxg4
Rf7 35. h4 Rf8 36. Be3 Rh8 37. Kh5 Kf7 38. Bxh6 Rg8 39. Bg5 Rh8+ 40. Kg4 1-0

[Event "peia VI"]
[Site "http://www.queenalice.com/game.php?id=622750"]
[Date "2009.7.21"]
[Round "-"]
[White "paloberto"]
[Black "The_Simple"]
[Result "0-1"]
[WhiteElo "1835"]
[BlackElo "2193"]

1. c4 e6 2. d4 d5 3. e3 Nf6 4. Nc3 c6 5. Nf3 Bb4 6. Qd2 Qa5 7. a3 Ne4 8. Bd3
Nxd2 9. Bxd2 Bxc3 10. Bxc3 Qd8 11. O-O O-O 12. Rfe1 Nd7 13. b3 f6 14. c5 b6 15.
b4 bxc5 16. bxc5 e5 17. dxe5 Nxc5 18. Bb4 Nxd3 19. Reb1 fxe5 20. Bxf8 Qxf8 21.
Rf1 Ba6 22. Rfd1 e4 23. Nd2 Qxf2+ 24. Kh1 Qxe3 0-1